| 000 | 00402nam a2200109Ia 4500 | ||
|---|---|---|---|
| 008 | 171204s9999 xx 000 0 und d | ||
| 245 | 4 | _aThe Oxford Handbook of Infant, Child, and Adolescent Sleep and Behavior: | |
| 245 | _cAmy R. Wolfson and Hawley E. Montgomery-Downs | ||
| 260 | _c2013 | ||
| 650 | _xPRF Ed 1: Child & Adolescent Development | ||
| 856 | _uhttp://down.ebook777.com/053/9780199873630.pdf | ||
| 999 |
_c345849 _d345849 |
||